ბათუმის შოთა რუსთაველის სახელმწიფო უნივერსიტეტის ბიბლიოთეკა

ჩვენი ქუჩის დღესასწაულზე: ახალი ლექსები. (ბიბ.ჩანაწერი № 41765)

000 -LEADER
fixed length control field 00740nam a2200217Ia 4500
001 - CONTROL NUMBER
control field 8446
003 - CONTROL NUMBER IDENTIFIER
control field GE_BSU
008 - FIXED-LENGTH DATA ELEMENTS--GENERAL INFORMATION
fixed length control field 181216s||||||||xx |||||||||||||| ||und||
040 ## - CATALOGING SOURCE
Transcribing agency GE_BSU
080 ## - UNIVERSAL DECIMAL CLASSIFICATION NUMBER
Universal Decimal Classification number 821.353.1-1
100 ## - MAIN ENTRY--PERSONAL NAME
Personal name ეული, სანდრო
245 ## - TITLE STATEMENT
Title ჩვენი ქუჩის დღესასწაულზე: ახალი ლექსები.
245 ## - TITLE STATEMENT
Statement of responsibility, etc. რედ.: გ.ნატროშვილი
260 ## - PUBLICATION, DISTRIBUTION, ETC.
Place of publication, distribution, etc. თბილისი.
260 ## - PUBLICATION, DISTRIBUTION, ETC.
Name of publisher, distributor, etc. საბჭ. მწერალი
260 ## - PUBLICATION, DISTRIBUTION, ETC.
Date of publication, distribution, etc. 1943
300 ## - PHYSICAL DESCRIPTION
Extent 32 გვ; 14 სმ.
653 ## - INDEX TERM--UNCONTROLLED
Uncontrolled term ახალი ლექსები
653 ## - INDEX TERM--UNCONTROLLED
Uncontrolled term ჩვენი ქუჩის დღესასწაულზე
942 ## - ADDED ENTRY ELEMENTS (KOHA)
Koha item type წიგნი
ეგზემპლარები
Withdrawn status Lost status Damaged status Not for loan Date acquired Barcode Date last seen Price effective from Koha item type
        2018-12-17 30594 2018-12-17 2018-12-17 წიგნი
        2018-12-17 30595 2018-12-17 2018-12-17 წიგნი
        2018-12-17 30596 2018-12-17 2018-12-17 წიგნი
        2018-12-17 30597 2018-12-17 2018-12-17 წიგნი
        2018-12-17 30598 2018-12-17 2018-12-17 წიგნი
        2018-12-17 30599 2018-12-17 2018-12-17 წიგნი